• 首页
  • 本馆介绍
  • 公告通知
  • 最新文献
  • 馆藏检索
  • 电子资源
  • 读者导购
  • 参考咨询
  • 我的图书馆
  • 登录
  • 详细信息显示
  • 放入我的书架
  • 预约/预借图书
  • 作者相关作品
  • 分类相关作品
  • 丛书相关作品
  • 出版社相关作品

书目信息

  • 表格格式
  • 工作单格式
  • 卡片格式
书名: Handbook of current English
作者: Jim W. Corder
分册号:
分册名:
出版地: Glenview, Ill. :
 
出版社: Scott, Foresman
出版时间: c1978.
页数: xviii, 494 p. ;
开本: 21 cm.
丛书名:
中图分类号:
科图分类号:
其他分类号: H31
主题词:
电子资源:
000 01177nam 2200337 a 4500
001 E0753354844
003 DLC
005 20070210145539.39
008 770909s1978 ilu 00110 eng
008 uu
010    @a77013493 //r932
020    @a0673151204.
040    @aDLC @cDLC @dDLC
049    @aN5LA
050 00 @aPE1408 @b.P4376 1978
082 00 @a808/.042
090    @a2/H31-62/HC/ 1978//////////////963546-8/ 3cop.
090    @aH31
096    @aH31-62 @v2
099    @dH31@ex149=5
100 10 @aCorder, Jim W. @q(Jim Wayne), @d1929-
245 10 @aHandbook of current English / @cJim W. Corder
250    @a5th ed.
260 0  @aGlenview, Ill. :@bScott, Foresman,@cc1978.
300    @axviii, 494 p. ;@c21 cm.
500    @aIncludes index.
500    @aFourth ed. by P. G. Perrin and J. W. Corder, published in 1975 under title: Handbook of current English 4.
650  0 @aEnglish language @xGrammar.
650  0 @aEnglish language @xRhetoric.
700 11 @aPerrin, Porter Gale, @d1896-1962. @tHandbook of current English 4. @b00 @c20020930 @lNLC09 @h2247 @lNLC09 @h2313 @lNLC09 @h1904
852 9  @bWWJC @cJ08S @k2 @hH31-62 @iHC/1978
    
    Handbook of current English / / Jim W. Corder.-5th ed.-Glenview, Ill. : : Scott, Foresman, , c1978.
    xviii, 494 p. ; ; 21 cm.
    Includes index.-Fourth ed. by P. G. Perrin and J. W. Corder, published in 1975 under title: Handbook of current English 4.
    
    ISBN 0673151204.
    
●
相关链接 在E读中查询图书 在五车中查询图书 在当当中查询图书 在豆瓣中查询图书


正题名:Handbook of current English     索取号:H31/x149=5         预约/预借

序号 登录号 条形码 馆藏地/架位号 状态 备注
1 76711   001034437   第四借阅区/ [索取号:H31/x149=5] 在馆    
2 76712   001034464   第四借阅区/ [索取号:H31/x149=5] 在馆    
3 76713   001034455   第四借阅区/ [索取号:H31/x149=5] 在馆    
4 76714   001034446   第四借阅区/ [索取号:H31/x149=5] 在馆    
5 76715   001034419   第二样本阅览室/ [索取号:H31/x149=5] 在馆    
唐山师范学院图书馆 欢迎您!
大连网信软件有限公司© 版权所有